[Event "FRA-ch Blitz Online Qual"]
[Site "Europe Echecs INT"]
[Date "2020.05.16"]
[Round "7"]
[White "Alvin, Leo"]
[Black "Pichon, Ewen"]
[Result "0-1"]
[WhiteElo "2025"]
[BlackElo "1821"]
[PlyCount "166"]
[EventDate "2020.05.16"]
[EventType "swiss (blitz)"]
[EventRounds "15"]
[EventCountry "FRA"]
[SourceTitle "CBM 196 Extra"]
[Source "ChessBase"]
[SourceDate "2020.07.31"]
[SourceVersion "1"]
[SourceVersionDate "2020.07.31"]
[SourceQuality "1"]

1. d4 Nf6 2. c4 c5 3. d5 b5 4. cxb5 a6 5. b6 d6 6. Nc3 Nbd7 7. b7 Bxb7 8. e4 g6 9. Nf3 Bg7 10. Be2 0-0 11. 0-0 Qb6 12. Nd2 Qa5 13. Qc2 Rfc8 14. Nc4 Qd8 15. Rb1 a5 16. a4 Ba6 17. Nb5 Bxb5 18. axb5 Nb6 19. b3 Nfd7 20. Bb2 Nf6 21. Rfd1 Qc7 22. f4 Nfd7 23. Bxg7 Kxg7 24. Qc3+ Kg8 25. Bf3 a4 26. e5 axb3 27. Rxb3 Nxc4 28. Qxc4 Nb6 29. Qe4 Ra4 30. Qe3 Rca8 31. exd6 exd6 32. f5 Nc4 33. Qg5 Ne5 34. b6 Qd8 35. f6 Rb8 36. Re1 Ra6 37. b7 Ra7 38. Reb1 c4 39. Rb4 c3 40. Be4 Nd7 41. Rf1 Nc5 42. Qh6 Qf8 43. Qxf8+ Kxf8 44. Rfb1 Nxe4 45. Rxe4 Raxb7 46. Rxb7 Rxb7 47. Rc4 Ke8 48. Rxc3 Rb5 49. Re3+ Kf8 50. Rc3 Ke8 51. Rd3 Kd7 52. Kf2 Rb4 53. Kf3 g5 54. g4 Rf4+ 55. Kg3 Rxf6 56. h4 h6 57. hxg5 hxg5 58. Ra3 Rf4 59. Ra7+ Ke8 60. Ra8+ Ke7 61. Rg8 Kf6 62. Rh8 Ke5 63. Rg8 f6 64. Re8+ Kxd5 65. Rd8 Ke5 66. Ra8 d5 67. Ra5 Ke4 68. Ra4+ d4 69. Ra8 Ke3 70. Re8+ Kd2 71. Rd8 d3 72. Rd5 Ke2 73. Rd6 Re4 74. Rxf6 d2 75. Rf2+ Ke1 76. Kg2 d1Q 77. Rf1+ Ke2 78. Rxd1 Kxd1 79. Kf3 Rf4+ 80. Kg3 Ke2 81. Kh3 Kf3 82. Kh2 Rxg4 83. Kh3 Rh4# 0-1

[Event "FRA-ch Blitz Online Qual"]
[Site "Europe Echecs INT"]
[Date "2020.05.16"]
[Round "15"]
[White "Guezennec, Franck"]
[Black "Alvin, Leo"]
[Result "1-0"]
[WhiteElo "2272"]
[BlackElo "2025"]
[PlyCount "71"]
[EventDate "2020.05.16"]
[EventType "swiss (blitz)"]
[EventRounds "15"]
[EventCountry "FRA"]
[SourceTitle "CBM 196 Extra"]
[Source "ChessBase"]
[SourceDate "2020.07.31"]
[SourceVersion "1"]
[SourceVersionDate "2020.07.31"]
[SourceQuality "1"]

1. e4 c5 2. Nf3 g6 3. d4 cxd4 4. Nxd4 Nc6 5. Be2 Bg7 6. Nb3 Nf6 7. Nc3 0-0 8. 0-0 d6 9. Re1 b6 10. Bf1 Bb7 11. Bg5 h6 12. Bh4 Rc8 13. f4 e5 14. f5 g5 15. Bf2 a6 16. a4 Nb4 17. h4 d5 18. hxg5 hxg5 19. Qd2 Nxe4 20. Nxe4 dxe4 21. Qxb4 Rxc2 22. Bxb6 Qf6 23. Rac1 Rxb2 24. Re2 Rxe2 25. Bxe2 Qxf5 26. Bc5 Qd7 27. Rd1 Qc6 28. Na5 Qc7 29. Nxb7 Rb8 30. Bxa6 Rc8 31. Be3 Qc2 32. Qd2 Qc6 33. Rc1 Qe8 34. Rxc8 Qxc8 35. Nc5 Bf8 36. Bxc8 1-0

[Event "FRA-ch Blitz Online Qual"]
[Site "Europe Echecs INT"]
[Date "2020.05.16"]
[Round "4"]
[White "Rakotomaharo, Fy Antenaina"]
[Black "Alvin, Leo"]
[Result "1-0"]
[WhiteElo "2422"]
[BlackElo "2025"]
[PlyCount "75"]
[EventDate "2020.05.16"]
[EventType "swiss (blitz)"]
[EventRounds "15"]
[EventCountry "FRA"]
[SourceTitle "CBM 196 Extra"]
[Source "ChessBase"]
[SourceDate "2020.07.31"]
[SourceVersion "1"]
[SourceVersionDate "2020.07.31"]
[SourceQuality "1"]

1. e4 c5 2. Nf3 g6 3. d4 cxd4 4. Nxd4 Nc6 5. c4 Nf6 6. Nc3 Nxd4 7. Qxd4 d6 8. f3 Bg7 9. Be3 0-0 10. Qd2 Be6 11. Be2 Qa5 12. Rc1 Rfc8 13. b3 a6 14. Na4 Qxd2+ 15. Kxd2 Nd7 16. Rhd1 Rc6 17. f4 f5 18. exf5 gxf5 19. Bf3 Rc7 20. Nb6 Rb8 21. Nd5 Bxd5 22. Bxd5+ Kh8 23. h3 Nc5 24. g4 e6 25. Bxc5 dxc5 26. Bxe6 fxg4 27. hxg4 Re8 28. f5 Bh6+ 29. Kc3 Bxc1 30. Rxc1 Rg7 31. Rg1 Rg5 32. Kd3 Kg7 33. Ke4 Rd8 34. Ke5 Rd4 35. b4 Rgxg4 36. Rxg4+ Rxg4 37. f6+ Kf8 38. Bxg4 1-0

[Event "FRA-ch Blitz Online Qual"]
[Site "Europe Echecs INT"]
[Date "2020.05.16"]
[Round "11"]
[White "Randrianarimanana, Alicia"]
[Black "Alvin, Leo"]
[Result "0-1"]
[WhiteElo "1971"]
[BlackElo "2025"]
[PlyCount "112"]
[EventDate "2020.05.16"]
[EventType "swiss (blitz)"]
[EventRounds "15"]
[EventCountry "FRA"]
[SourceTitle "CBM 196 Extra"]
[Source "ChessBase"]
[SourceDate "2020.07.31"]
[SourceVersion "1"]
[SourceVersionDate "2020.07.31"]
[SourceQuality "1"]

1. d4 d5 2. c4 c6 3. e3 Nf6 4. Nf3 e6 5. b3 Bd6 6. Bb2 0-0 7. Bd3 Nbd7 8. Ne5 g6 9. 0-0 Qc7 10. f4 Ne8 11. Qg4 Ng7 12. Rf3 f5 13. Qh4 Qd8 14. Qh6 Nf6 15. Rh3 Ngh5 16. Be2 Qe7 17. Nd2 Qg7 18. Qg5 Be7 19. Bxh5 Nxh5 20. Rxh5 Bxg5 21. Rxg5 Bd7 22. Ndf3 Be8 23. h4 Kh8 24. Ba3 Rg8 25. Nd3 b6 26. Bd6 Qd7 27. Be5+ Rg7 28. h5 Kg8 29. h6 Rf7 30. Bg7 Qc7 31. Nde5 Re7 32. Bf6 c5 33. Bxe7 Qxe7 34. Rf1 cxd4 35. exd4 dxc4 36. Nxc4 Rd8 37. Rd1 Bb5 38. Nfe5 Bxc4 39. bxc4 Qa3 40. Rd2 Qe3+ 41. Rf2 Qxd4 42. Nf3 Qd1+ 43. Kh2 Qc1 44. Ne5 Qe3 45. Rf3 Qe4 46. Rgg3 Rd1 47. Kh3 Qe1 48. Rg5 Qh1+ 49. Kg3 Qe1+ 50. Kh3 Rd2 51. Rgg3 Qe4 52. Re3 Qxf4 53. Rgf3 Qxh6+ 54. Kg3 f4+ 55. Rxf4 Rxg2+ 56. Kxg2 Qxf4 0-1

[Event "Cappelle rapid op 1st"]
[Site "Cappelle la Grande"]
[Date "2019.02.23"]
[Round "5"]
[White "Bauer, Christian"]
[Black "Alvin, Leo"]
[Result "1-0"]
[WhiteElo "2647"]
[BlackElo "2026"]
[PlyCount "44"]
[EventDate "2019.02.23"]
[EventType "swiss (rapid)"]
[EventRounds "9"]
[EventCountry "FRA"]
[SourceTitle "CBM 189 Extra"]
[Source "ChessBase"]
[SourceDate "2019.06.03"]
[SourceVersion "1"]
[SourceVersionDate "2019.06.03"]
[SourceQuality "1"]

1. e4 c5 2. Nf3 g6 3. d4 cxd4 4. Qxd4 Nf6 5. e5 Nc6 6. Qa4 Nd5 7. Qe4 Ndb4 8. Bb5 Qa5 9. Nc3 d5 10. exd6 Bf5 11. Qe5 Nxc2+ 12. Kd1 0-0-0 13. Bxc6 Qxe5 14. Nxe5 Rxd6+ 15. Bd5 Nxa1 16. Nxf7 Bg7 17. Nxd6+ exd6 18. Re1 Kd7 19. Bg5 Re8 20. Rxe8 Kxe8 21. Ne4 Kd7 22. Kc1 Kc8 1-0

[Event "Budapest op 3rd"]
[Site "Budapest"]
[Date "2013.08.20"]
[Round "4"]
[White "Alvin, Leo"]
[Black "Peczeli, Zoltan"]
[Result "1-0"]
[WhiteElo "2005"]
[BlackElo "2036"]
[PlyCount "55"]
[EventDate "2013.08.17"]
[EventType "swiss"]
[EventRounds "9"]
[EventCountry "HUN"]
[SourceTitle "CBM 156 Extra"]
[Source "ChessBase"]
[SourceDate "2013.10.22"]
[SourceVersion "1"]
[SourceVersionDate "2013.10.22"]
[SourceQuality "1"]

1. d4 Nf6 2. Nf3 c5 3. d5 b5 4. e3 Bb7 5. c4 bxc4 6. Bxc4 e6 7. Nc3 Qb6 8. 0-0 Ba6 9. Bxa6 Nxa6 10. e4 Be7 11. e5 Nxd5 12. Nxd5 exd5 13. Qxd5 Nc7 14. Qd3 Qg6 15. Rd1 Qxd3 16. Rxd3 Rb8 17. b3 Ne6 18. Be3 f6 19. Rad1 Rb7 20. Rd5 Nc7 21. Rxd7 c4 22. bxc4 fxe5 23. Nxe5 Rf8 24. Nc6 Bf6 25. Bc5 Rg8 26. Be7 Rb6 27. Bxf6 Rxc6 28. Re7+ 1-0

[Event "Budapest op 3rd"]
[Site "Budapest"]
[Date "2013.08.19"]
[Round "3"]
[White "Mihaly, Zoltan"]
[Black "Alvin, Leo"]
[Result "0-1"]
[WhiteElo "1774"]
[BlackElo "2005"]
[PlyCount "104"]
[EventDate "2013.08.17"]
[EventType "swiss"]
[EventRounds "9"]
[EventCountry "HUN"]
[SourceTitle "CBM 156 Extra"]
[Source "ChessBase"]
[SourceDate "2013.10.22"]
[SourceVersion "1"]
[SourceVersionDate "2013.10.22"]
[SourceQuality "1"]

1. c4 e5 2. g3 f5 3. Bg2 Nc6 4. e3 Nf6 5. Ne2 d5 6. cxd5 Nb4 7. d3 Nbxd5 8. 0-0 Bd6 9. Qb3 c6 10. e4 fxe4 11. dxe4 Nb4 12. Be3 Qe7 13. a3 Be6 14. Qc3 Na6 15. b4 0-0 16. Nd2 Ng4 17. Nc4 Nxe3 18. Nxe3 Nc7 19. Nc4 Nb5 20. Qc2 Bc7 21. Rfd1 Qf7 22. a4 Bxc4 23. axb5 Qxf2+ 24. Kh1 cxb5 25. Rd2 Bb6 26. Nf4 Qe3 27. Nd5 Qh6 28. Ne7+ Kh8 29. Nf5 Qg5 30. Rd7 Rf7 31. Rd6 Raf8 32. Qc3 Bc7 33. h4 Qg4 34. Rd2 Rxf5 35. exf5 e4 36. Kh2 Qxh4+ 37. Bh3 Qg5 38. Re1 Qe7 39. Kg2 Be5 40. Qa3 Bd6 41. Rb2 Qe5 42. Re3 a5 43. Qc3 Qxc3 44. Rxc3 Bxb4 45. Re3 Bc5 46. Re1 a4 47. g4 a3 48. Rc2 a2 49. Ra1 Re8 50. Rd2 e3 51. Rd7 e2 52. Kf3 b4 0-1

[Event "Budapest op 3rd"]
[Site "Budapest"]
[Date "2013.08.18"]
[Round "2"]
[White "Alvin, Leo"]
[Black "Papagorasz, Takisz"]
[Result "0-1"]
[WhiteElo "2005"]
[BlackElo "2163"]
[PlyCount "44"]
[EventDate "2013.08.17"]
[EventType "swiss"]
[EventRounds "9"]
[EventCountry "HUN"]
[SourceTitle "CBM 156 Extra"]
[Source "ChessBase"]
[SourceDate "2013.10.22"]
[SourceVersion "1"]
[SourceVersionDate "2013.10.22"]
[SourceQuality "1"]

1. d4 Nf6 2. Nf3 e6 3. c4 Bb4+ 4. Bd2 c5 5. Bxb4 cxb4 6. Nbd2 0-0 7. e4 d6 8. Qc2 Nbd7 9. e5 dxe5 10. dxe5 Ng4 11. Qe4 f5 12. exf6 Ndxf6 13. Qe2 e5 14. h3 e4 15. Nh2 Nxf2 16. Qxf2 e3 17. Qxe3 Re8 18. Qxe8+ Qxe8+ 19. Kf2 Qd8 20. Nhf3 Qb6+ 21. Ke1 Bf5 22. Be2 Re8 0-1

[Event "Budapest op 3rd"]
[Site "Budapest"]
[Date "2013.08.17"]
[Round "1"]
[White "Karacsonyi, Kata"]
[Black "Alvin, Leo"]
[Result "0-1"]
[WhiteElo "1288"]
[BlackElo "2005"]
[PlyCount "52"]
[EventDate "2013.08.17"]
[EventType "swiss"]
[EventRounds "9"]
[EventCountry "HUN"]
[SourceTitle "CBM 156 Extra"]
[Source "ChessBase"]
[SourceDate "2013.10.22"]
[SourceVersion "1"]
[SourceVersionDate "2013.10.22"]
[SourceQuality "1"]

1. e4 e5 2. Nf3 Nc6 3. Bb5 a6 4. Bxc6 dxc6 5. 0-0 f6 6. d4 exd4 7. Nxd4 c5 8. Nb3 Be6 9. Bf4 Qe7 10. Nc3 Qf7 11. Qf3 g5 12. Bg3 h5 13. h3 g4 14. Qe3 gxh3 15. Nxc5 hxg2 16. Kxg2 Bh6 17. Qd4 Ne7 18. Bxc7 Nc6 19. Qd6 Bc4 20. Rfd1 Rh7 21. Bb6 Bf8 22. Qf4 Rg7+ 23. Kh3 Rg4 24. Qf5 Bxc5 25. Qxc5 Qe6 26. Kh2 Rh4+ 0-1